000 00554nam a2200229Ia 4500
003 OSt
005 20220918184525.0
006 a|||||r|||| 00| 0
007 ta
008 220917b |||||||| |||| 00| 0 eng d
024 _a46,960
037 _cTextual
040 _aARTS
_cARTS
_beng
041 _2eng
_aeng
082 _aO39, K51
100 _aChattopadhyay S
245 0 _aNovel as the modern epic
260 _c1965
650 _aENGLISH LITERATURE
942 _hO39, K51
_cTEXL
_2CC
999 _c176851
_d176851